000 00917nam a22002777a 4500
001 BR8901253
003 BR-BrBNA
005 20230928093153.0
007 ta
008 230509b bl.||||| |||| 00| 0 por d
040 _aBR-BrBNA
_bpor
_cBiblioteca Nacional de Agricultura
041 _a(Por)
072 _aN01; N20
090 _ N01 BR8901253
110 1 _aSociedade Brasileira de Engenharia Agricola, Sao Paulo, SP (Brasil)
_99705
111 1 _a16. Congresso Brasileiro de Engenharia Agricola
_cJundiai, SP (Brazil)
_d13-17 Jul 1987
245 1 _a16. Congresso Brasileiro de Engenharia Agricola. Anais
246 1 _a[16th Brazilian Congress of Agricultural Engineering. Annals]
260 3 _aSao Paulo, SP (Brasil):
_c1987.
300 _av. 1-2
650 _aENGENHARIA AGRICOLA
650 _aENGENHARIA RURAL
650 _aMECANIZACAO AGRICOLA
909 _a202309
_bLucia
_c55
_dLucia Elande
942 _cBK
999 _c43405
_d43405